[Event "Nikaia Fysiolatriko op A"]
[Site "Nikaia"]
[Date "2015.06.21"]
[Round "5"]
[White "Gazis, Efstathios"]
[Black "Katsiris, Ioannis"]
[Result "0-1"]
[WhiteElo "2213"]
[BlackElo "1991"]
[PlyCount "90"]
[EventDate "2015.06.16"]
[EventType "swiss"]
[EventRounds "9"]
[EventCountry "GRE"]
[SourceTitle "EXT 2024"]
[Source "ChessBase"]
[SourceDate "2023.10.10"]
[SourceVersion "1"]
[SourceVersionDate "2023.10.10"]
[SourceQuality "1"]

1. Nf3 d5 2. c4 d4 3. g3 Nc6 4. Bg2 e5 5. 0-0 Nf6 6. d3 Be7 7. b4 Nxb4 8. Nxe5 0-0 9. e3 dxe3 10. fxe3 Bd6 11. Nf3 c5 12. Nc3 Re8 13. a3 Nc6 14. Nd5 Nxd5 15. cxd5 Ne5 16. Nh4 Ng4 17. Qf3 Qe7 18. h3 Ne5 19. Qd1 Qg5 20. d4 cxd4 21. Qxd4 Qxg3 22. Qf4 Qxf4 23. exf4 Ng6 24. Nxg6 hxg6 25. a4 Bf5 26. Ba3 Rad8 27. Bxd6 Rxd6 28. Rfe1 Kf8 29. Kf2 Rb6 30. a5 Rb2+ 31. Kg3 Ree2 32. Rxe2 Rxe2 33. Rc1 Rc2 34. Rxc2 Bxc2 35. d6 Ke8 36. Bxb7 Kd7 37. Bd5 f6 38. Bg8 Kxd6 39. h4 Kc5 40. Bh7 Kb5 41. h5 Kxa5 42. f5 g5 43. Bg6 Kb4 44. h6 gxh6 45. Kg4 Bd1+ 0-1

[Event "Nikaia op 18th"]
[Site "Nikaia"]
[Date "2010.08.21"]
[Round "3"]
[White "Zherebukh, Yaroslav"]
[Black "Katsiris, Ioannis"]
[Result "1-0"]
[WhiteElo "2572"]
[BlackElo "2107"]
[PlyCount "69"]
[EventDate "2010.08.20"]
[EventType "swiss"]
[EventRounds "9"]
[EventCountry "GRE"]
[SourceTitle "CBM 138 Extra"]
[Source "ChessBase"]
[SourceDate "2010.10.29"]
[SourceVersion "1"]
[SourceVersionDate "2010.10.29"]
[SourceQuality "1"]

1. e4 e6 2. d4 d5 3. Nc3 Nf6 4. e5 Nfd7 5. f4 c5 6. Nf3 Nc6 7. Be3 Be7 8. Qd2 0-0 9. Be2 a6 10. 0-0 b5 11. a3 Qb6 12. Nd1 Bb7 13. c3 Na5 14. Qe1 Nb3 15. Rb1 a5 16. Bd3 f5 17. exf6 Nxf6 18. Bc2 a4 19. Bxb3 axb3 20. dxc5 Bxc5 21. Bxc5 Qxc5+ 22. Nd4 Ne4 23. Nf2 Qb6 24. Qe3 Rae8 25. Ng4 e5 26. Nxe5 Qh6 27. Rf3 Bc8 28. Nxb3 Nf6 29. Re1 Qh4 30. Qf2 Qh5 31. Nd4 Ne4 32. Qc2 g5 33. Qb3 g4 34. Qxd5+ Kh8 35. Rxe4 1-0

[Event "Athens op"]
[Site "Athens"]
[Date "2008.06.17"]
[Round "4"]
[White "Sideris, Theodoros"]
[Black "Katsiris, Ioannis"]
[Result "1-0"]
[WhiteElo "2013"]
[BlackElo "2136"]
[PlyCount "93"]
[EventDate "2008.06.14"]
[EventType "swiss"]
[EventRounds "9"]
[EventCountry "GRE"]
[SourceTitle "CBM 125 Extra"]
[Source "ChessBase"]
[SourceDate "2008.09.01"]
[SourceVersion "1"]
[SourceVersionDate "2008.09.01"]
[SourceQuality "1"]

1. e4 e6 2. d4 d5 3. Nc3 Nc6 4. e5 f6 5. Bb5 Bd7 6. Nf3 Bb4 7. Bxc6 bxc6 8. 0-0 Ne7 9. Ne2 Ng6 10. c3 Be7 11. exf6 gxf6 12. Nf4 Nxf4 13. Bxf4 0-0 14. Re1 Bd6 15. Bh6 Rf7 16. Qd2 Bf8 17. Bf4 c5 18. Rac1 Rc8 19. b4 c4 20. Re2 Qe8 21. Rce1 Bd6 22. Nh4 Bxf4 23. Qxf4 Qf8 24. Re3 Rg7 25. Rf3 Rf7 26. Rg3+ Kh8 27. Ree3 Rg7 28. Rxg7 Qxg7 29. Rg3 Qf7 30. Qh6 Rg8 31. Ng6+ Rxg6 32. Rxg6 Qxg6 33. Qf8+ Qg8 34. Qxf6+ Qg7 35. Qd8+ Qg8 36. Qxd7 Qg4 37. Qc8+ Kg7 38. Qxc7+ Kh6 39. h3 Qd1+ 40. Kh2 Qd2 41. Qg3 Qd3 42. f4 Qf5 43. h4 Qf6 44. Qg5+ Qxg5 45. hxg5+ Kg6 46. Kg3 e5 47. fxe5 1-0

[Event "GRE-chT 35th"]
[Site "Ermioni Argolidas"]
[Date "2006.07.06"]
[Round "4"]
[White "Dorfanis, Ilarion"]
[Black "Katsiris, Ioannis"]
[Result "1-0"]
[WhiteElo "2182"]
[BlackElo "2132"]
[PlyCount "65"]
[EventDate "2006.07.03"]
[EventType "team"]
[EventRounds "9"]
[EventCountry "GRE"]
[SourceTitle "CBM 113 Extra"]
[Source "ChessBase"]
[SourceDate "2006.09.14"]
[SourceVersion "1"]
[SourceVersionDate "2006.09.14"]
[SourceQuality "1"]

1. d4 e6 2. c4 d5 3. Nc3 Be7 4. Nf3 Nf6 5. Bf4 0-0 6. e3 c5 7. dxc5 Qa5 8. a3 dxc4 9. Bxc4 Rd8 10. Qe2 Nc6 11. 0-0 Qxc5 12. b4 Qh5 13. b5 Na5 14. Bc7 Nxc4 15. Bxd8 Bxd8 16. Qxc4 Bd7 17. Rfd1 Ba5 18. Rac1 Bxc3 19. Rxc3 Bxb5 20. Qc7 g5 21. Rc5 Nd5 22. Rdxd5 exd5 23. Rxd5 h6 24. Rxb5 Qg4 25. Rxb7 Qe6 26. Rb8+ Rxb8 27. Qxb8+ Kh7 28. Qxa7 Qb3 29. h3 Qd1+ 30. Kh2 Qd6+ 31. g3 Qf6 32. Kg2 h5 33. Qxf7+ 1-0

[Event "GRE-chT 35th"]
[Site "Ermioni Argolidas"]
[Date "2006.07.05"]
[Round "3"]
[White "Katsiris, Ioannis"]
[Black "Topalidis, Konstantinos"]
[Result "1/2-1/2"]
[WhiteElo "2132"]
[BlackElo "2130"]
[PlyCount "121"]
[EventDate "2006.07.03"]
[EventType "team"]
[EventRounds "9"]
[EventCountry "GRE"]
[SourceTitle "CBM 113 Extra"]
[Source "ChessBase"]
[SourceDate "2006.09.14"]
[SourceVersion "1"]
[SourceVersionDate "2006.09.14"]
[SourceQuality "1"]

1. d4 Nf6 2. Bg5 g6 3. Nc3 d5 4. Bxf6 exf6 5. e3 Bg7 6. Bd3 0-0 7. Qf3 Be6 8. Nge2 c6 9. g4 Qd7 10. h3 b5 11. Ng3 Na6 12. a3 Rab8 13. b4 Nc7 14. Nce2 Ne8 15. Nc1 a5 16. Nb3 axb4 17. axb4 Nd6 18. Nc5 Qe7 19. 0-0 Ra8 20. Qe2 Nb7 21. c3 Nxc5 22. dxc5 h5 23. gxh5 f5 24. hxg6 fxg6 25. Qd2 Qh4 26. Rxa8 Rxa8 27. Rc1 Qxh3 28. Bf1 Qh4 29. Bg2 Be5 30. Ne2 Qf6 31. Nd4 Bf7 32. f4 Bc7 33. Nf3 Bd8 34. Qd4 Qe6 35. Qe5 Bf6 36. Qxe6 Bxe6 37. Nd4 Bd7 38. Rc2 Kg7 39. Kf2 g5 40. fxg5 Bxg5 41. Bh3 Kf6 42. Rc1 Ra2+ 43. Rc2 Ra1 44. Ne2 Bh4+ 45. Kf3 Be8 46. Nf4 Be1 47. Ke2 Bh4 48. Kd3 Rd1+ 49. Rd2 Rxd2+ 50. Kxd2 Bg5 51. Kd3 Ke5 52. Ne2 Bg6 53. Kd2 Ke4 54. Bg2+ Ke5 55. Nd4 Be8 56. Nf3+ Kf6 57. Nxg5 Kxg5 58. Kd3 Kf6 59. Kd4 Bd7 60. Bh3 Be8 61. Bg2 1/2-1/2

[Event "GRE-chT 35th"]
[Site "Ermioni Argolidas"]
[Date "2006.07.03"]
[Round "1"]
[White "Katsiris, Ioannis"]
[Black "Kounalakis, Evryklis"]
[Result "1-0"]
[WhiteElo "2132"]
[BlackElo "2147"]
[PlyCount "95"]
[EventDate "2006.07.03"]
[EventType "team"]
[EventRounds "9"]
[EventCountry "GRE"]
[SourceTitle "CBM 113 Extra"]
[Source "ChessBase"]
[SourceDate "2006.09.14"]
[SourceVersion "1"]
[SourceVersionDate "2006.09.14"]
[SourceQuality "1"]

1. d4 d5 2. c4 c6 3. cxd5 cxd5 4. Bf4 Nc6 5. e3 Nf6 6. Nc3 Bf5 7. Nf3 e6 8. Ne5 Qb6 9. Bb5 a6 10. Qa4 Rc8 11. Bxc6+ bxc6 12. 0-0 Be7 13. a3 a5 14. Rfc1 0-0 15. Qd1 h6 16. g4 Bh7 17. Na4 Qb5 18. g5 hxg5 19. Bxg5 Rfe8 20. Bxf6 Bxf6 21. Rc5 Qa6 22. Rac1 Bxe5 23. dxe5 Bd3 24. R5c3 Bb5 25. Nc5 Qa7 26. Qd4 Qe7 27. Qg4 a4 28. Kh1 g6 29. Nxa4 Kg7 30. Nc5 Rh8 31. f4 Rh4 32. Qf3 Rch8 33. R1c2 Rh3 34. Qg4 R8h5 35. a4 Bc4 36. b4 R3h4 37. Qg1 d4 38. Rxc4 dxe3 39. Qxe3 Rh3 40. Qg1 Qd8 41. Rd4 Qh4 42. f5 Qg5 43. Qxg5 Rxg5 44. fxe6 Re3 45. Re4 Rxe4 46. Nxe4 Rxe5 47. Nc5 fxe6 48. a5 1-0

[Event "Athens Attikis op"]
[Site "Athens"]
[Date "2006.06.08"]
[Round "9"]
[White "Katsiris, Ioannis"]
[Black "Sideris, Theodoros"]
[Result "0-1"]
[WhiteElo "2132"]
[BlackElo "2036"]
[PlyCount "60"]
[EventDate "2006.06.01"]
[EventType "swiss"]
[EventRounds "9"]
[EventCountry "GRE"]
[SourceTitle "EXT 2024"]
[Source "ChessBase"]
[SourceDate "2023.10.10"]
[SourceVersion "1"]
[SourceVersionDate "2023.10.10"]
[SourceQuality "1"]

1. d4 Nf6 2. Bg5 Ne4 3. Bf4 c5 4. f3 Nf6 5. d5 Qb6 6. Nc3 Qxb2 7. Bd2 Qb6 8. e4 d6 9. Rb1 Qd8 10. f4 g6 11. Nf3 Bg7 12. Bc4 0-0 13. 0-0 Nbd7 14. e5 dxe5 15. fxe5 Ng4 16. e6 fxe6 17. Qe2 Nb6 18. Rxb6 axb6 19. h3 Rxf3 20. Qxf3 Ne5 21. Qe4 Nxc4 22. Qxc4 exd5 23. Nxd5 e6 24. Qf4 exd5 25. Qf7+ Kh8 26. Bg5 Be6 27. Qxb7 Qxg5 28. Qxa8+ Bg8 29. Qb8 Qe3+ 30. Kh1 Be5 0-1

[Event "Athens Attikis op"]
[Site "Athens"]
[Date "2006.06.07"]
[Round "8"]
[White "Katsiris, Ioannis"]
[Black "Kostouros, Alexandros"]
[Result "0-1"]
[WhiteElo "2132"]
[BlackElo "2200"]
[PlyCount "77"]
[EventDate "2006.06.01"]
[EventType "swiss"]
[EventRounds "9"]
[EventCountry "GRE"]
[SourceTitle "EXT 2024"]
[Source "ChessBase"]
[SourceDate "2023.10.10"]
[SourceVersion "1"]
[SourceVersionDate "2023.10.10"]
[SourceQuality "1"]

1. d4 d5 2. c4 c6 3. Nc3 Nf6 4. e3 Bf5 5. cxd5 Nxd5 6. f3 e6 7. e4 Nxc3 8. bxc3 Bg6 9. Nh3 Be7 10. Bc4 Nd7 11. 0-0 0-0 12. Nf4 e5 13. Nxg6 hxg6 14. Rb1 Nb6 15. Bb3 Qc7 16. f4 exd4 17. cxd4 Rad8 18. Qg4 Rxd4 19. Qxg6 Bc5 20. Kh1 Nc4 21. Qh5 Qe7 22. e5 b5 23. Bc2 g6 24. Qh6 Rfd8 25. e6 Qxe6 26. f5 Qe2 27. Ba3 Rg4 28. Qh3 Nxa3 29. fxg6 Qxg2+ 30. Qxg2 Rxg2 31. gxf7+ Kf8 32. Kxg2 Nxc2 33. Rfc1 Ne3+ 34. Kf3 Nc4 35. Kg4 Kxf7 36. Rb3 Rd2 37. a4 Rd4+ 38. Kh3 b4 39. Re3 0-1

[Event "Athens Attikis op"]
[Site "Athens"]
[Date "2006.06.03"]
[Round "3"]
[White "Kalesis, Nikolaos"]
[Black "Katsiris, Ioannis"]
[Result "1-0"]
[WhiteElo "2435"]
[BlackElo "2132"]
[PlyCount "124"]
[EventDate "2006.06.01"]
[EventType "swiss"]
[EventRounds "9"]
[EventCountry "GRE"]
[SourceTitle "EXT 2024"]
[Source "ChessBase"]
[SourceDate "2023.10.10"]
[SourceVersion "1"]
[SourceVersionDate "2023.10.10"]
[SourceQuality "1"]

1. d4 Nf6 2. c4 g6 3. Nc3 Bg7 4. e4 d6 5. Be2 0-0 6. Nf3 e5 7. Be3 Na6 8. 0-0 Ng4 9. Bg5 Qe8 10. dxe5 dxe5 11. h3 h6 12. Bd2 Nf6 13. Be3 Qe7 14. Nd5 Qd8 15. Qc2 c6 16. Nxf6+ Qxf6 17. c5 Nc7 18. Nd2 Ne6 19. Nc4 Nd4 20. Bxd4 exd4 21. Bd3 Qg5 22. b4 Qf4 23. Qe2 Be6 24. Rad1 Bxc4 25. Bxc4 a5 26. a3 axb4 27. axb4 Ra3 28. g3 Qc7 29. Kg2 Rfa8 30. Rd3 b6 31. cxb6 Qxb6 32. Bxf7+ Kh8 33. Rc1 Qxb4 34. Rxc6 Ra1 35. Rb3 d3 36. Rxd3 Qb1 37. Kf3 Rf8 38. Kg4 Rxf7 39. Rxg6 Qb8 40. f4 Qc8+ 41. f5 Qe8 42. Rgd6 Ra8 43. Kf3 Rfa7 44. g4 Ra2 45. Qxa2 Rxa2 46. Rd8 Ra8 47. Rxe8+ Rxe8 48. h4 Bf6 49. Rd6 Kg7 50. g5 hxg5 51. hxg5 Be5 52. Rd7+ Kf8 53. f6 Bxf6 54. gxf6 Re6 55. f7 Rf6+ 56. Kg4 Rf1 57. Kg5 Kg7 58. e5 Rg1+ 59. Kf5 Kf8 60. e6 Rf1+ 61. Kg4 Rf2 62. Rd8+ Ke7 1-0

[Event "Heraklio op 9th"]
[Site "Heraklion"]
[Date "2005.??.??"]
[Round "5"]
[White "Katsiris, Ioannis"]
[Black "Koumpenas, Mihail"]
[Result "1/2-1/2"]
[WhiteElo "2115"]
[BlackElo "1960"]
[PlyCount "53"]
[EventDate "2005.06.??"]
[EventType "swiss"]
[EventRounds "9"]
[EventCountry "GRE"]
[SourceTitle "EXT 2007"]
[Source "ChessBase"]
[SourceDate "2006.11.23"]
[SourceVersion "1"]
[SourceVersionDate "2006.11.23"]
[SourceQuality "1"]

1. d4 d6 2. e4 g6 3. Nc3 Bg7 4. Be3 Nd7 5. Qd2 c6 6. Nf3 Qa5 7. Bd3 e5 8. 0-0 Ngf6 9. a4 0-0 10. h3 Re8 11. dxe5 Nxe5 12. Nxe5 dxe5 13. Bc4 Be6 14. Bxe6 Rxe6 15. Rfd1 Qc7 16. f3 Bf8 17. Qf2 Nd7 18. a5 Rd6 19. Kh1 Rxd1+ 20. Nxd1 Bb4 21. Bxa7 Bxa5 22. Be3 Rd8 23. Nc3 Bb6 24. Rd1 Bxe3 25. Qxe3 Nf8 26. Rd3 Rxd3 27. Qxd3 1/2-1/2

[Event "Heraklio op 9th"]
[Site "Heraklion"]
[Date "2005.??.??"]
[Round "9"]
[White "Katsiris, Ioannis"]
[Black "Poteas, Ioannis"]
[Result "1/2-1/2"]
[WhiteElo "2115"]
[BlackElo "2190"]
[PlyCount "47"]
[EventDate "2005.06.??"]
[EventType "swiss"]
[EventRounds "9"]
[EventCountry "GRE"]
[SourceTitle "EXT 2007"]
[Source "ChessBase"]
[SourceDate "2006.11.23"]
[SourceVersion "1"]
[SourceVersionDate "2006.11.23"]
[SourceQuality "1"]

1. d4 e6 2. c4 d5 3. Nc3 c6 4. e4 dxe4 5. Nxe4 Nf6 6. Nxf6+ Qxf6 7. Nf3 Bb4+ 8. Bd2 Bxd2+ 9. Qxd2 Nd7 10. Be2 0-0 11. 0-0 e5 12. dxe5 Nxe5 13. Nxe5 Qxe5 14. Bf3 Be6 15. Qb4 Qc7 16. c5 a5 17. Qc3 Rfd8 18. a3 Bd5 19. Rfd1 Bxf3 20. Qxf3 Rxd1+ 21. Rxd1 Rd8 22. g3 g6 23. Qb3 Rxd1+ 24. Qxd1 1/2-1/2

[Event "Piraeus-ch 40th"]
[Site "Egaleo"]
[Date "2004.11.20"]
[Round "3.2"]
[White "Sarandos, Vasilios"]
[Black "Katsiris, Ioannis"]
[Result "1/2-1/2"]
[WhiteElo "2227"]
[BlackElo "2093"]
[PlyCount "117"]
[EventDate "2004.11.13"]
[EventType "swiss"]
[EventRounds "9"]
[EventCountry "GRE"]
[SourceTitle "EXT 2024"]
[Source "ChessBase"]
[SourceDate "2023.10.10"]
[SourceVersion "1"]
[SourceVersionDate "2023.10.10"]
[SourceQuality "1"]

1. e4 c5 2. Nf3 Nc6 3. Bb5 e6 4. 0-0 Nge7 5. c3 d5 6. exd5 Qxd5 7. d4 cxd4 8. Nxd4 Bd7 9. Be3 Nxd4 10. Bxd7+ Qxd7 11. Qxd4 Qxd4 12. Bxd4 Nc6 13. Be3 Bd6 14. Nd2 Rd8 15. Rfd1 0-0 16. Ne4 Be7 17. Nc5 Rxd1+ 18. Rxd1 b6 19. Na6 Rd8 20. Rxd8+ Bxd8 21. a4 f5 22. Kf1 Kf7 23. Ke2 e5 24. b4 g5 25. f3 Ke6 26. Kd3 h5 27. c4 e4+ 28. fxe4 Ne5+ 29. Kc3 f4 30. Bd4 f3 31. g3 Ng4 32. Kd2 Nxh2 33. Ke1 Ng4 34. c5 Bf6 35. Nc7+ Kd7 36. Bxf6 Nxf6 37. cxb6 axb6 38. e5 Ng4 39. Nd5 Nxe5 40. Nxb6+ Kc6 41. Nc8 Nd3+ 42. Kf1 Nxb4 43. Ne7+ Kd6 44. Nf5+ Ke5 45. Ne3 Ke4 46. Nd1 g4 47. a5 Kd4 48. Nf2 Kd5 49. Kg1 Kc6 50. Ne4 Nd5 51. Ng5 Kb5 52. Kf2 Nf6 53. Nxf3 Ne4+ 54. Kg2 gxf3+ 55. Kxf3 Ng5+ 56. Kf4 Nh3+ 57. Kf5 Kxa5 58. Kg6 Nf4+ 59. Kg5 1/2-1/2

[Event "Attica-ch op"]
[Site "Attica"]
[Date "2003.05.09"]
[Round "3"]
[White "Gogolis, Alexandros"]
[Black "Katsiris, Ioannis"]
[Result "1-0"]
[WhiteElo "2245"]
[BlackElo "2114"]
[PlyCount "153"]
[EventDate "2003.05.??"]
[EventType "swiss"]
[EventRounds "9"]
[EventCountry "GRE"]
[SourceTitle "EXT 2005"]
[Source "ChessBase"]
[SourceDate "2004.11.15"]
[SourceVersion "1"]
[SourceVersionDate "2004.11.15"]
[SourceQuality "1"]

1. d4 Nf6 2. Nf3 e6 3. Bg5 c5 4. e3 Be7 5. Nbd2 b6 6. c3 h6 7. Bh4 0-0 8. a4 Bb7 9. Bd3 d6 10. Bxf6 Bxf6 11. 0-0 Nd7 12. a5 Qc7 13. Qe2 cxd4 14. cxd4 e5 15. Rfc1 Qd8 16. a6 Bxf3 17. Qxf3 exd4 18. exd4 Re8 19. Rc6 Bxd4 20. Rxd6 Ne5 21. Qd5 Qxd6 22. Qxd6 Rad8 23. Qc7 Rd7 24. Bh7+ Kxh7 25. Qc2+ Kg8 26. Nb3 Red8 27. h3 Ng6 28. Nxd4 Rxd4 29. Rc1 Nf8 30. Qc7 R4d7 31. Qe5 Ne6 32. Rc2 Nc5 33. Qe2 Rd3 34. Qg4 R3d4 35. Qf3 Rd3 36. Qc6 R3d6 37. Qb5 Rd5 38. Re2 Ne6 39. Qc6 R5d6 40. Qa4 Rd4 41. Qc2 Rd1+ 42. Kh2 R1d7 43. Qa4 Rd4 44. Qa2 R4d6 45. g3 R6d7 46. Kg2 Rd5 47. Qc4 R5d6 48. h4 Rd4 49. Qb3 R4d5 50. Qa3 R8d7 51. Rc2 Rd8 52. Rc6 R5d7 53. h5 Nd4 54. Rc4 Ne6 55. Re4 Rd3 56. Qe7 R3d7 57. Qa3 Rd3 58. Qb4 R3d7 59. Rg4 Rd6 60. Rc4 Nc5 61. Qb5 Rd5 62. Rg4 Ne6 63. Qc6 R5d6 64. Qc4 Rd5 65. Qc6 R5d6 66. Qc1 Rd2 67. Re4 R2d6 68. Rc4 Rd1 69. Qe3 R1d2 70. Rc2 R2d4 71. Qe2 R4d6 72. Qe4 Nc5 73. Qf3 Rd5 74. b4 Nxa6 75. Ra2 Nxb4 76. Rxa7 Rf8 77. Ra4 1-0

[Event "Attica-ch op"]
[Site "Attica"]
[Date "2003.05.05"]
[Round "1"]
[White "Maliaritis, Nikolaos"]
[Black "Katsiris, Ioannis"]
[Result "0-1"]
[WhiteElo "1918"]
[BlackElo "2114"]
[PlyCount "52"]
[EventDate "2003.05.??"]
[EventType "swiss"]
[EventRounds "9"]
[EventCountry "GRE"]
[SourceTitle "EXT 2005"]
[Source "ChessBase"]
[SourceDate "2004.11.15"]
[SourceVersion "1"]
[SourceVersionDate "2004.11.15"]
[SourceQuality "1"]

1. b3 e5 2. Bb2 Nc6 3. c4 f5 4. e3 Nf6 5. a3 d6 6. d4 e4 7. Nd2 Be7 8. Qc2 0-0 9. h3 d5 10. cxd5 Nxd5 11. Bc4 Be6 12. Ne2 Bf6 13. Nc3 Nce7 14. a4 Qd7 15. Ba3 c6 16. a5 b5 17. axb6 axb6 18. Na4 Rfb8 19. 0-0 c5 20. Bxc5 bxc5 21. Nxc5 Qc8 22. Ba6 Rxa6 23. Rxa6 Nb4 24. Qb2 Nxa6 25. Rc1 Nxc5 26. Rxc5 Qxc5 0-1

[Event "Nikaia op 10th"]
[Site "Nikaia"]
[Date "2002.08.26"]
[Round "8"]
[White "Simeonidis, Ioannis"]
[Black "Katsiris, Ioannis"]
[Result "1-0"]
[WhiteElo "2313"]
[BlackElo "2114"]
[PlyCount "73"]
[EventDate "2002.08.19"]
[EventType "swiss"]
[EventRounds "9"]
[EventCountry "GRE"]
[SourceTitle "CBM 089 Extra"]
[Source "ChessBase"]
[SourceDate "2002.09.10"]
[SourceVersion "2"]
[SourceVersionDate "2002.09.10"]
[SourceQuality "1"]

1. d4 Nf6 2. Nf3 c5 3. d5 e6 4. c4 exd5 5. cxd5 Bd6 6. g3 0-0 7. Bg2 Re8 8. 0-0 Bf8 9. Nfd2 d6 10. Nc3 Nbd7 11. h3 b6 12. a4 Rb8 13. Rb1 a6 14. b4 Qc7 15. b5 c4 16. Nf3 Nc5 17. Nd4 Nce4 18. Nxe4 Nxe4 19. Qc2 Qc5 20. Nc6 Nxg3 21. Nxb8 Rxe2 22. Qd1 c3 23. Rb3 Bf5 24. Nxa6 Qc4 25. Rb4 Qa2 26. Qb3 Nxf1 27. Bxf1 Qxb3 28. Rxb3 Re1 29. Rxc3 Be7 30. Bf4 g5 31. Bh2 Be4 32. Re3 Rxe3 33. fxe3 Bxd5 34. Nc7 Bb3 35. a5 bxa5 36. b6 Bd8 37. Bxd6 1-0

[Event "Nikaia op 10th"]
[Site "Nikaia"]
[Date "2002.08.25"]
[Round "7"]
[White "Katsiris, Ioannis"]
[Black "Tassopoulos, Marios"]
[Result "1-0"]
[WhiteElo "2114"]
[BlackElo "2240"]
[PlyCount "105"]
[EventDate "2002.08.19"]
[EventType "swiss"]
[EventRounds "9"]
[EventCountry "GRE"]
[SourceTitle "CBM 089 Extra"]
[Source "ChessBase"]
[SourceDate "2002.09.10"]
[SourceVersion "2"]
[SourceVersionDate "2002.09.10"]
[SourceQuality "1"]

1. d4 d5 2. c4 Nc6 3. Nc3 e6 4. Nf3 dxc4 5. e4 Nf6 6. Bxc4 Be7 7. 0-0 0-0 8. e5 Nd5 9. Bxd5 exd5 10. Qb3 Bg4 11. Be3 Bxf3 12. gxf3 Kh8 13. Qxd5 Qxd5 14. Nxd5 Rad8 15. Nxc7 Nxd4 16. Bxd4 Rxd4 17. Rfd1 Rfd8 18. Rxd4 Rxd4 19. Rc1 a6 20. Na8 h6 21. Rc7 Bh4 22. Rxf7 Rd2 23. Rxb7 Bxf2+ 24. Kf1 Bh4 25. e6 Rxh2 26. e7 Bxe7 27. Rxe7 Rxb2 28. Re2 Rb7 29. a4 a5 30. Re5 Ra7 31. Nb6 Rb7 32. Rb5 Kh7 33. Nd5 Ra7 34. Ne3 g5 35. Nc4 Rf7 36. Kg2 Rf4 37. Nb6 Rf6 38. Nd5 Ra6 39. Kg3 h5 40. Rb6 Ra8 41. Nf6+ Kg7 42. Nxh5+ Kf7 43. Kg4 Rc8 44. Rf6+ Ke7 45. Kxg5 Rc4 46. Rf4 Rc3 47. Re4+ Kf7 48. f4 Ra3 49. f5 Ra1 50. f6 Rg1+ 51. Kf5 Ra1 52. Nf4 Rf1 53. Re5 1-0